[Event "23. Aberto Xadrez Albariño"]
[Site "Cambados ESP"]
[Date "2007.08.02"]
[Round "1.1"]
[White "Llorente Fernandez, Carlos"]
[Black "Manolache, Marius"]
[Result "0-1"]
[WhiteElo "1948"]
[BlackElo "2528"]
[PlyCount "62"]
[EventDate "2007.08.02"]
[EventType "swiss"]
[EventRounds "9"]
[EventCountry "ESP"]
[Source "lmi"]
[SourceDate "2007.08.02"]

1. d4 g6 2. c4 Bg7 3. Nf3 d6 4. g3 Nf6 5. Bg2 c6 6. Nc3 Bf5 7. O-O O-O 8. d5
Ne4 9. Nxe4 Bxe4 10. Ne1 cxd5 11. cxd5 Bf5 12. e4 Bd7 13. Nd3 Na6 14. Be3 Qa5
15. Qe1 Qa4 16. Qd1 Rfc8 17. Qxa4 Bxa4 18. Rfc1 Bb5 19. Bf1 Bxd3 20. Bxd3 Nb4
21. Rd1 Bxb2 22. Rab1 Bc3 23. Be2 Nxa2 24. Rxb7 a5 25. Bd4 Bxd4 26. Rxd4 Nc3
27. Bb5 a4 28. Rc4 a3 29. Rxc8+ Rxc8 30. Bc6 a2 31. Ra7 Rb8 0-1

[Event "23. Aberto Xadrez Albariño"]
[Site "Cambados ESP"]
[Date "2007.08.02"]
[Round "1.2"]
[White "Iotov, Valentin"]
[Black "Minguela Muñoz, Bienvenido"]
[Result "1-0"]
[WhiteElo "2502"]
[BlackElo "1945"]
[PlyCount "41"]
[EventDate "2007.08.02"]
[EventType "swiss"]
[EventRounds "9"]
[EventCountry "ESP"]
[Source "lmi"]
[SourceDate "2007.08.02"]

1. d4 Nf6 2. c4 g6 3. Nc3 Bg7 4. e4 d6 5. Nf3 O-O 6. Be2 c5 7. O-O cxd4 8. Nxd4
Nc6 9. Be3 a6 10. f3 e5 11. Nb3 Nh5 12. Qd2 f5 13. Rad1 f4 14. Bf2 Be6 15. Qxd6
Qe8 16. Nc5 Bf7 17. Nd7 Rd8 18. Bb6 Rxd7 19. Qxd7 Be6 20. Qxe8 Rxe8 21. Nd5 1-0

[Event "23. Aberto Xadrez Albariño"]
[Site "Cambados ESP"]
[Date "2007.08.02"]
[Round "1.3"]
[White "Chesa Chavarria, Aurelio"]
[Black "Starostits, Ilmars"]
[Result "0-1"]
[WhiteElo "1944"]
[BlackElo "2497"]
[PlyCount "86"]
[EventDate "2007.08.02"]
[EventType "swiss"]
[EventRounds "9"]
[EventCountry "ESP"]
[Source "lmi"]
[SourceDate "2007.08.02"]

1. d4 Nf6 2. c4 e6 3. Nf3 b6 4. a3 Ba6 5. Qc2 c5 6. b3 d5 7. e3 Be7 8. Bb2 O-O
9. Nc3 Nbd7 10. Bd3 Bb7 11. O-O dxc4 12. bxc4 Bxf3 13. gxf3 cxd4 14. Ne4 dxe3
15. fxe3 Bc5 16. Nxc5 Nxc5 17. Rad1 Qe7 18. Kh1 Nxd3 19. Rxd3 Rfd8 20. Rfd1
Rxd3 21. Qxd3 h6 22. Qd4 Re8 23. Qe5 Kf8 24. Rg1 Rc8 25. Qg3 g6 26. Qf4 Kg7 27.
h4 e5 28. Bxe5 Qe6 29. Bxf6+ Qxf6 30. Qxf6+ Kxf6 31. Rg4 Rc5 32. Kg2 Ra5 33.
Rf4+ Kg7 34. Kf2 Rxa3 35. Ke2 Ra5 36. Rd4 Kf6 37. Kd3 Ke6 38. Rf4 Ra3+ 39. Kd2
f5 40. Rd4 Ra2+ 41. Kd3 Rf2 42. e4 Rxf3+ 43. Ke2 Ke5 0-1

[Event "23. Aberto Xadrez Albariño"]
[Site "Cambados ESP"]
[Date "2007.08.02"]
[Round "1.4"]
[White "Dimitrov, Vladimir"]
[Black "Alonso Gonzalez, Fernando"]
[Result "1-0"]
[WhiteElo "2452"]
[BlackElo "1928"]
[PlyCount "75"]
[EventDate "2007.08.02"]
[EventType "swiss"]
[EventRounds "9"]
[EventCountry "ESP"]
[Source "lmi"]
[SourceDate "2007.08.02"]

1. e4 e5 2. Nf3 Nc6 3. Nc3 Be7 4. Bb5 d6 5. d4 exd4 6. Nxd4 Bd7 7. Bxc6 bxc6 8.
O-O Rb8 9. b3 Bf6 10. Bb2 Ne7 11. Re1 c5 12. Nde2 O-O 13. Qd2 Re8 14. Rab1 Nc6
15. Nf4 g6 16. Ba1 Bg7 17. Ncd5 Nb4 18. Bxg7 Kxg7 19. Re3 Re5 20. Rbe1 h5 21.
Nxb4 cxb4 22. Nd3 Reb5 23. c4 R5b6 24. Nf4 a5 25. Nd5 Rc6 26. f4 Qh4 27. h3 Rc5
28. Rf1 Rf8 29. Qd4+ Kh6 30. Nf6 Bc8 31. e5 Rc6 32. Qd5 Rc5 33. Qd2 dxe5 34.
fxe5 Qg5 35. Qd4 Bb7 36. Rf2 Rc6 37. h4 Rd8 38. hxg5+ 1-0

[Event "23. Aberto Xadrez Albariño"]
[Site "Cambados ESP"]
[Date "2007.08.02"]
[Round "1.5"]
[White "Moreno Antonio, Mario"]
[Black "Rusev, Krasimir"]
[Result "0-1"]
[WhiteElo "1926"]
[BlackElo "2443"]
[PlyCount "48"]
[EventDate "2007.08.02"]
[EventType "swiss"]
[EventRounds "9"]
[EventCountry "ESP"]
[Source "lmi"]
[SourceDate "2007.08.02"]

1. d4 Nf6 2. Nf3 e6 3. Bg5 h6 4. Bh4 g5 5. Bg3 b6 6. e3 Bg7 7. Be5 Bb7 8. h3 d6
9. Bxf6 Qxf6 10. Be2 Nd7 11. Nbd2 h5 12. Kf1 O-O-O 13. Nh2 Qg6 14. c3 f5 15.
Bf3 d5 16. g3 e5 17. Bg2 f4 18. exf4 gxf4 19. gxf4 exd4 20. c4 Nc5 21. cxd5
Rhg8 22. Nhf3 Bf6 23. Ng5 Bxg5 24. fxg5 Qxg5 0-1

[Event "23. Aberto Xadrez Albariño"]
[Site "Cambados ESP"]
[Date "2007.08.02"]
[Round "1.6"]
[White "Garcia Castro, Pablo"]
[Black "Galard Agustin, Tomas"]
[Result "1-0"]
[WhiteElo "2405"]
[BlackElo "1925"]
[PlyCount "105"]
[EventDate "2007.08.02"]
[EventType "swiss"]
[EventRounds "9"]
[EventCountry "ESP"]
[Source "lmi"]
[SourceDate "2007.08.02"]

1. g3 g6 2. Bg2 Bg7 3. e4 e6 4. d4 c6 5. Nf3 d5 6. e5 Ne7 7. O-O b6 8. Re1 O-O
9. Bf4 Re8 10. Qd2 Nf5 11. c3 c5 12. Na3 Ba6 13. b3 Nc6 14. Nc2 Rc8 15. Rac1
Qd7 16. g4 Nfe7 17. h4 Rc7 18. Bg5 Rec8 19. h5 cxd4 20. cxd4 Na5 21. Bf6 Bf8
22. Nb4 Rxc1 23. Rxc1 Rxc1+ 24. Qxc1 Bb7 25. Bf1 Nec6 26. Nc2 Nb8 27. Qg5 Ba6
28. Bxa6 Nxa6 29. Qh4 Nc7 30. Ng5 h6 31. Nh3 Ne8 32. g5 Nxf6 33. exf6 e5 34.
dxe5 Qf5 35. Ne3 Qxe5 36. gxh6 Qxh5 37. Qxh5 gxh5 38. Nf5 Nc6 39. Ng5 Ne5 40.
Kf1 Ng4 41. Ne7+ Kh8 42. Nxf7+ Kh7 43. Ng5+ Kxh6 44. Ne6 Nxf6 45. Nxf8 Kg7 46.
Nfg6 Kf7 47. f4 Ne4 48. Kg2 Nc3 49. f5 Ne2 50. Nxd5 Nc1 51. Ne5+ Kf8 52. f6
Nxb3 53. Nf4 1-0

[Event "23. Aberto Xadrez Albariño"]
[Site "Cambados ESP"]
[Date "2007.08.02"]
[Round "1.7"]
[White "Lago Fernandez, Fernando"]
[Black "Ivanov, Jordan"]
[Result "0-1"]
[WhiteElo "1925"]
[BlackElo "2382"]
[PlyCount "69"]
[EventDate "2007.08.02"]
[EventType "swiss"]
[EventRounds "9"]
[EventCountry "ESP"]
[Source "lmi"]
[SourceDate "2007.08.02"]

1. e4 c5 2. c3 Nf6 3. e5 Nd5 4. d4 cxd4 5. Nf3 e6 6. cxd4 b6 7. Nc3 Nxc3 8.
bxc3 Qc7 9. Bd2 Bb7 10. Bd3 d6 11. O-O Nd7 12. Ng5 dxe5 13. Qh5 g6 14. Qh3 Be7
15. Rfe1 h6 16. c4 Qd6 17. Rad1 Bf6 18. Ne4 Bxe4 19. Bxe4 Rd8 20. Qg3 Qe7 21.
a3 exd4 22. Bb4 Nc5 23. Qh3 Rd6 24. Bb1 Bg7 25. Bd2 Rd8 26. Bf4 g5 27. Be5 Bxe5
28. Rxe5 Qf6 29. Re2 O-O 30. Qh5 d3 31. Re3 Rd4 32. Bxd3 Rfd8 33. Bc2 Rxd1+ 34.
Bxd1 Rd2 35. Rg3 0-1

[Event "23. Aberto Xadrez Albariño"]
[Site "Cambados ESP"]
[Date "2007.08.02"]
[Round "1.8"]
[White "Samolins, Vitalijs"]
[Black "Prado Garcia, Alejandro"]
[Result "1-0"]
[WhiteElo "2319"]
[BlackElo "1919"]
[PlyCount "58"]
[EventDate "2007.08.02"]
[EventType "swiss"]
[EventRounds "9"]
[EventCountry "ESP"]
[Source "lmi"]
[SourceDate "2007.08.02"]

1. e4 c5 2. Nc3 Nc6 3. g3 g6 4. Bg2 Bg7 5. d3 d6 6. Be3 a6 7. a4 Bd7 8. f4 e6
9. Nf3 Nf6 10. h3 Rb8 11. e5 dxe5 12. fxe5 Nh5 13. Ne4 Nxe5 14. g4 Nxf3+ 15.
Qxf3 Bc6 16. gxh5 f5 17. hxg6 hxg6 18. Qg3 Qh4 19. O-O Qxg3 20. Nxg3 Bxg2 21.
Kxg2 Bxb2 22. Rab1 Bd4 23. Bf4 e5 24. Bxe5 Bxe5 25. Rfe1 Kd7 26. Rxe5 Kd6 27.
Rbe1 Rhg8 28. Re6+ Kd7 29. Re7+ Kd6 1-0

[Event "23. Aberto Xadrez Albariño"]
[Site "Cambados ESP"]
[Date "2007.08.02"]
[Round "1.9"]
[White "Otero Chaves, Carlos M"]
[Black "Milchev, Nikolay"]
[Result "0-1"]
[WhiteElo "1912"]
[BlackElo "2315"]
[PlyCount "93"]
[EventDate "2007.08.02"]
[EventType "swiss"]
[EventRounds "9"]
[EventCountry "ESP"]
[Source "lmi"]
[SourceDate "2007.08.02"]

1. e4 d5 2. exd5 Qxd5 3. Nc3 Qd6 4. d4 c6 5. Nf3 Nf6 6. h3 Bf5 7. Bc4 Nbd7 8.
Be3 e6 9. Nh4 Bg6 10. Nxg6 hxg6 11. Qf3 Nb6 12. Bb3 Be7 13. O-O-O O-O-O 14. Kb1
Qc7 15. Bg5 Nbd5 16. Bxf6 Nxf6 17. Ne4 Nxe4 18. Qxe4 Rh4 19. Qf3 Qf4 20. Qe2
Qg5 21. c3 Bf6 22. g3 Rxh3 23. Bxe6+ fxe6 24. Qxe6+ Kb8 25. Qxh3 a5 26. f4 Qb5
27. Qf1 Qd5 28. g4 g5 29. fxg5 Qxg5 30. Qf5 Qe3 31. Rde1 Qd2 32. Rd1 Qe3 33.
Rhe1 Qh3 34. Qf4+ Ka7 35. g5 Qh7+ 36. Ka1 Rd5 37. gxf6 gxf6 38. Qxf6 Qc2 39.
Qf3 Rb5 40. Qe2 Qg6 41. Qd3 Qg2 42. Rd2 Qg8 43. c4 Rb4 44. d5 c5 45. d6 Rxc4
46. d7 Ra4 47. Qd5 0-1

[Event "23. Aberto Xadrez Albariño"]
[Site "Cambados ESP"]
[Date "2007.08.02"]
[Round "1.10"]
[White "Lopez Agustench, Eduard"]
[Black "Soto Pesqueira, Ernesto"]
[Result "1-0"]
[WhiteElo "2304"]
[BlackElo "1871"]
[PlyCount "65"]
[EventDate "2007.08.02"]
[EventType "swiss"]
[EventRounds "9"]
[EventCountry "ESP"]
[Source "lmi"]
[SourceDate "2007.08.02"]

1. d4 d5 2. Nf3 Nf6 3. c4 e6 4. Nc3 Be7 5. Bf4 Nh5 6. Bg3 Nxg3 7. hxg3 c6 8. e3
Nd7 9. Qc2 h6 10. Rd1 b6 11. a3 Bb7 12. Bd3 dxc4 13. Bxc4 b5 14. Bb3 Qa5 15.
O-O O-O 16. e4 Rfd8 17. e5 Rac8 18. Ba2 b4 19. axb4 Qxb4 20. Rfe1 Rb8 21. Rd2
Ba8 22. Re4 Qb7 23. g4 Nf8 24. g5 hxg5 25. Rg4 Nh7 26. Ne4 Qa6 27. Bb1 g6 28.
Nfxg5 c5 29. Nxh7 Kxh7 30. Nxc5 Qc6 31. Rxg6 fxg6 32. Qxg6+ Kh8 33. Qh7# 1-0

[Event "23. Aberto Xadrez Albariño"]
[Site "Cambados ESP"]
[Date "2007.08.02"]
[Round "1.11"]
[White "Fernandez Rey, Jorge"]
[Black "Rodriguez Lopez, Rafael"]
[Result "0-1"]
[WhiteElo "1866"]
[BlackElo "2292"]
[PlyCount "72"]
[EventDate "2007.08.02"]
[EventType "swiss"]
[EventRounds "9"]
[EventCountry "ESP"]
[Source "lmi"]
[SourceDate "2007.08.02"]

1. e4 c5 2. Nf3 Nc6 3. d4 cxd4 4. Nxd4 e6 5. Nc3 a6 6. a3 Qc7 7. Be2 Nf6 8. Be3
Be7 9. O-O O-O 10. f4 d6 11. f5 Bd7 12. Bg4 Nxd4 13. Bxd4 e5 14. Be3 Bc6 15.
Bf3 b5 16. g4 h6 17. h4 Nh7 18. Bf2 Rfc8 19. Rc1 Qd8 20. Qe1 a5 21. Nd5 Bxd5
22. exd5 b4 23. a4 Rc4 24. b3 Rc3 25. Be2 Rac8 26. Bc4 R8xc4 27. bxc4 Rxc4 28.
Qe2 Qc7 29. Kh2 Nf6 30. g5 Ng4+ 31. Kh3 Nxf2+ 32. Qxf2 hxg5 33. hxg5 Bxg5 34.
Qg3 Rc3 35. Rf3 Bxc1 36. f6 Rxf3 0-1

[Event "23. Aberto Xadrez Albariño"]
[Site "Cambados ESP"]
[Date "2007.08.02"]
[Round "1.12"]
[White "Torrado Quintela, Julio"]
[Black "Moreira Martinez, Xose Ramon"]
[Result "1-0"]
[WhiteElo "2261"]
[BlackElo "1859"]
[PlyCount "79"]
[EventDate "2007.08.02"]
[EventType "swiss"]
[EventRounds "9"]
[EventCountry "ESP"]
[Source "lmi"]
[SourceDate "2007.08.02"]

1. d4 d5 2. Nf3 Nf6 3. Bg5 e6 4. e3 Nbd7 5. Bd3 c6 6. Ne5 Be7 7. f4 Ne4 8. Bxe7
Qxe7 9. O-O O-O 10. Bxe4 dxe4 11. Nd2 f5 12. Nxd7 Bxd7 13. Nc4 c5 14. Ne5 cxd4
15. exd4 Rac8 16. c4 Bc6 17. Qb3 Rfd8 18. Rad1 Be8 19. Kh1 h6 20. Rd2 Kh7 21.
Rfd1 Bh5 22. Rf1 b6 23. Qh3 Be8 24. Rfd1 Qb7 25. d5 g6 26. d6 Bd7 27. Qh4 Rg8
28. Nf7 Kg7 29. Ne5 Rce8 30. b4 Kh7 31. c5 bxc5 32. bxc5 Rc8 33. c6 Rxc6 34.
Nxc6 Qxc6 35. Qf2 g5 36. fxg5 Rxg5 37. Qxa7 e5 38. Qc7 Qa4 39. Qc2 Qa8 40. Rd5
1-0

[Event "23. Aberto Xadrez Albariño"]
[Site "Cambados ESP"]
[Date "2007.08.02"]
[Round "1.13"]
[White "Villar Perez, Samuel"]
[Black "Sanchez Aller, Fernando"]
[Result "0-1"]
[WhiteElo "1841"]
[BlackElo "2260"]
[PlyCount "82"]
[EventDate "2007.08.02"]
[EventType "swiss"]
[EventRounds "9"]
[EventCountry "ESP"]
[Source "lmi"]
[SourceDate "2007.08.02"]

1. e4 d5 2. exd5 Nf6 3. d4 Bg4 4. Be2 Bxe2 5. Nxe2 Qxd5 6. Nf4 Qf5 7. Qd3 Qxd3
8. Nxd3 Nc6 9. c3 e5 10. Nxe5 Nxe5 11. dxe5 Ng4 12. Bf4 Bc5 13. Bg3 O-O-O 14.
O-O Rhe8 15. b4 Bb6 16. a4 a5 17. Na3 Rd3 18. Nc4 Rxc3 19. Rac1 axb4 20. Nxb6+
cxb6 21. Rxc3+ bxc3 22. Rc1 Nxe5 23. Rxc3+ Nc6 24. Kf1 Re4 25. Rf3 f6 26. Rf4
Rxf4 27. Bxf4 Na5 28. Ke2 Nc4 29. Be3 Kc7 30. Bd4 Kc6 31. Kd3 b5 32. Kc3 Nd6
33. Kb4 bxa4 34. Kxa4 Kd5 35. Be3 Kc4 36. g4 b5+ 37. Ka3 Kc3 38. Ka2 Nc4 39.
Bc5 b4 40. h4 b3+ 41. Ka1 b2+ 0-1

[Event "23. Aberto Xadrez Albariño"]
[Site "Cambados ESP"]
[Date "2007.08.03"]
[Round "2.1"]
[White "Manolache, Marius"]
[Black "Sanchez Quiroga, Miguel Angel"]
[Result "1-0"]
[WhiteElo "2528"]
[BlackElo "2198"]
[PlyCount "69"]
[EventDate "2007.08.02"]
[EventType "swiss"]
[EventRounds "9"]
[EventCountry "ESP"]
[Source "lmi"]
[SourceDate "2007.08.02"]

1. d4 d5 2. c4 e6 3. Nf3 Nf6 4. Qc2 dxc4 5. e4 b5 6. b3 cxb3 7. axb3 c6 8. Bd2
a5 9. Bd3 Bb7 10. O-O Nbd7 11. Re1 Bb4 12. Nc3 Bxc3 13. Qxc3 b4 14. Qc2 h6 15.
Bf4 O-O 16. Bd6 Re8 17. Qe2 Nf8 18. Bf4 Qb6 19. Be3 Ng4 20. Bd2 Ba6 21. Bxa6
Rxa6 22. Bxb4 Rea8 23. Bxf8 Kxf8 24. e5 h5 25. Qd3 g6 26. Ng5 Nh6 27. Nxe6+
fxe6 28. Qxg6 Nf7 29. Re4 Qxb3 30. Rf4 R6a7 31. Qxh5 Qc2 32. Qh8+ Ke7 33. Qf6+
Kf8 34. Qxe6 Re8 35. Qh6+ 1-0

[Event "23. Aberto Xadrez Albariño"]
[Site "Cambados ESP"]
[Date "2007.08.03"]
[Round "2.2"]
[White "Eyo Castro-Rial, Alberto"]
[Black "Iotov, Valentin"]
[Result "0-1"]
[WhiteElo "2180"]
[BlackElo "2502"]
[PlyCount "82"]
[EventDate "2007.08.02"]
[EventType "swiss"]
[EventRounds "9"]
[EventCountry "ESP"]
[Source "lmi"]
[SourceDate "2007.08.02"]

1. e4 c5 2. Nf3 e6 3. d4 cxd4 4. Nxd4 Nc6 5. Nb5 d6 6. c4 Nf6 7. N1c3 a6 8. Na3
Be7 9. Be2 b6 10. O-O Bb7 11. Be3 Nb8 12. f3 Nbd7 13. Qe1 O-O 14. Rd1 Qc7 15.
g4 h6 16. Qg3 Rac8 17. h4 Rfe8 18. g5 Nh5 19. Qg2 e5 20. gxh6 g6 21. f4 Nxf4
22. Bxf4 exf4 23. Rxf4 Ne5 24. Rdf1 Kh8 25. Kh1 Rg8 26. Rxf7 Nxf7 27. Rxf7 Rcf8
28. Qf2 Rxf7 29. Qxf7 Bd8 30. Qxc7 Bxc7 31. Kg2 Kh7 32. Nd5 Bd8 33. Kg3 Kxh6
34. Nc2 Bxd5 35. cxd5 Bf6 36. Ne3 b5 37. Ng4+ Kg7 38. b3 Rc8 39. Kf4 Rc2 40.
Bd3 Rd2 41. Bb1 Bxh4 0-1

[Event "23. Aberto Xadrez Albariño"]
[Site "Cambados ESP"]
[Date "2007.08.03"]
[Round "2.3"]
[White "Starostits, Ilmars"]
[Black "Fernandez Losada, Daniel"]
[Result "1-0"]
[WhiteElo "2497"]
[BlackElo "2158"]
[PlyCount "85"]
[EventDate "2007.08.02"]
[EventType "swiss"]
[EventRounds "9"]
[EventCountry "ESP"]
[Source "lmi"]
[SourceDate "2007.08.02"]

1. e4 d5 2. exd5 Nf6 3. Bb5+ Nbd7 4. c4 a6 5. Ba4 b5 6. cxb5 Nxd5 7. Nf3 N5b6
8. Bb3 Nc5 9. d4 Nxb3 10. Qxb3 Bb7 11. Nc3 e6 12. Be3 Bd6 13. Bg5 Be7 14. Bxe7
Qxe7 15. bxa6 Bxa6 16. Ne4 O-O 17. Nc5 Bc4 18. Qe3 Nd5 19. Qc1 Bb5 20. a4 Nb4
21. Qd2 Nc6 22. Ra3 Ba6 23. Nxa6 Rxa6 24. O-O Rd8 25. Qe3 Nb4 26. Rc1 Rc6 27.
Qd2 e5 28. Rac3 Qd6 29. h3 exd4 30. Qxd4 Qxd4 31. Nxd4 Rcd6 32. Nb5 Rd2 33.
Rxc7 h6 34. Rc8 Rxc8 35. Rxc8+ Kh7 36. b3 Rb2 37. Nd4 Ra2 38. Rc4 Nd5 39. Nc6
Nb6 40. Rd4 Rc2 41. Ne5 f6 42. Nc4 Nc8 43. Rd7 1-0

[Event "23. Aberto Xadrez Albariño"]
[Site "Cambados ESP"]
[Date "2007.08.03"]
[Round "2.4"]
[White "Rodriguez Calvo, Manoel"]
[Black "Dimitrov, Vladimir"]
[Result "0-1"]
[WhiteElo "2142"]
[BlackElo "2452"]
[PlyCount "66"]
[EventDate "2007.08.02"]
[EventType "swiss"]
[EventRounds "9"]
[EventCountry "ESP"]
[Source "lmi"]
[SourceDate "2007.08.02"]

1. e4 c5 2. Nf3 e6 3. d3 Nc6 4. g3 g6 5. Bg2 Bg7 6. O-O Nge7 7. c3 O-O 8. Nbd2
h6 9. Qc2 d6 10. a3 e5 11. b4 Be6 12. b5 Na5 13. c4 b6 14. Bb2 Qd7 15. Nh4 g5
16. Nf5 Nxf5 17. exf5 Bxf5 18. Bxa8 Rxa8 19. Rfe1 f6 20. Nf1 d5 21. cxd5 c4 22.
Red1 Rc8 23. Ne3 cxd3 24. Qa4 Bg6 25. Rac1 Rxc1 26. Rxc1 f5 27. Bc3 f4 28. Nc4
Qh3 29. Nd2 Nb7 30. Qxa7 Be4 31. f3 fxg3 32. Qb8+ Kh7 33. Bxe5 Qxh2+ 0-1

[Event "23. Aberto Xadrez Albariño"]
[Site "Cambados ESP"]
[Date "2007.08.03"]
[Round "2.5"]
[White "Rusev, Krasimir"]
[Black "Campos Calvo-Sotelo, Javier"]
[Result "1-0"]
[WhiteElo "2443"]
[BlackElo "2145"]
[PlyCount "103"]
[EventDate "2007.08.02"]
[EventType "swiss"]
[EventRounds "9"]
[EventCountry "ESP"]
[Source "lmi"]
[SourceDate "2007.08.02"]

1. d4 Nf6 2. c4 e6 3. Nc3 Bb4 4. Qc2 O-O 5. a3 Bxc3+ 6. Qxc3 b6 7. Bg5 h6 8.
Bh4 c5 9. e3 Bb7 10. Ne2 Nc6 11. d5 exd5 12. Bxf6 Qxf6 13. Qxf6 gxf6 14. cxd5
Ne5 15. Nf4 Kg7 16. Be2 d6 17. g4 Rg8 18. O-O-O Kf8 19. h3 Ke7 20. Nh5 a6 21.
Ng3 Bc8 22. Rdg1 Ng6 23. Kd2 Nh4 24. e4 Bd7 25. f4 b5 26. Rc1 Rgb8 27. b3 a5
28. Rb1 Rb6 29. f5 Rab8 30. Rhc1 R8b7 31. Nh5 c4 32. bxc4 bxc4 33. Rxb6 Rxb6
34. Rxc4 Rb2+ 35. Rc2 Rb3 36. Rc7 Rb2+ 37. Ke1 Kd8 38. Ra7 Ng2+ 39. Kf2 Bb5 40.
Kxg2 Rxe2+ 41. Kf3 a4 42. Rxa4 Rh2 43. Ra8+ Ke7 44. Ra7+ Kf8 45. Kg3 Re2 46.
Nxf6 Re3+ 47. Kf4 Rxh3 48. e5 dxe5+ 49. Kxe5 Re3+ 50. Kd4 Rg3 51. d6 Rg1 52.
Kc5 1-0

[Event "23. Aberto Xadrez Albariño"]
[Site "Cambados ESP"]
[Date "2007.08.03"]
[Round "2.6"]
[White "Peña Torres, Jose Carlos"]
[Black "Garcia Castro, Pablo"]
[Result "0-1"]
[WhiteElo "2131"]
[BlackElo "2405"]
[PlyCount "70"]
[EventDate "2007.08.02"]
[EventType "swiss"]
[EventRounds "9"]
[EventCountry "ESP"]
[Source "lmi"]
[SourceDate "2007.08.02"]

1. e4 e5 2. Nf3 d6 3. d4 exd4 4. Nxd4 Nf6 5. Bd3 Be7 6. O-O O-O 7. Nc3 c6 8. a4
a5 9. Bf4 Qb6 10. Nb3 Nbd7 11. Qe2 Re8 12. Rad1 Ne5 13. h3 Bf8 14. Be3 Qc7 15.
f4 Nxd3 16. cxd3 b6 17. Qf2 Nd7 18. d4 Ba6 19. Rfe1 Nf6 20. e5 Nd5 21. Nxd5
cxd5 22. Nd2 Qc2 23. b3 Rec8 24. Nf3 Qxf2+ 25. Kxf2 Rc2+ 26. Rd2 Rac8 27. Red1
h6 28. Kg3 R2c3 29. Bf2 Rxb3 30. f5 Rc4 31. Ra2 Bc8 32. Kf4 dxe5+ 33. Kxe5 Rc6
34. Kxd5 Bb7 35. Rdd2 Rc5# 0-1

[Event "23. Aberto Xadrez Albariño"]
[Site "Cambados ESP"]
[Date "2007.08.03"]
[Round "2.7"]
[White "Ivanov, Jordan"]
[Black "Echarte Buil, Oscar"]
[Result "1-0"]
[WhiteElo "2382"]
[BlackElo "2136"]
[PlyCount "69"]
[EventDate "2007.08.02"]
[EventType "swiss"]
[EventRounds "9"]
[EventCountry "ESP"]
[Source "lmi"]
[SourceDate "2007.08.02"]

1. Nf3 c6 2. c4 f5 3. d4 e6 4. Nc3 Nf6 5. Bg5 d5 6. e3 Bd6 7. Qc2 O-O 8. Bd3
Qc7 9. O-O Ne4 10. Bh4 b6 11. Rac1 Nxc3 12. Qxc3 c5 13. Bg3 Bxg3 14. hxg3 Nd7
15. cxd5 exd5 16. Bb5 c4 17. b3 Nf6 18. bxc4 a6 19. Qa3 Qb7 20. Ba4 dxc4 21.
Rxc4 b5 22. Rb4 Be6 23. Ng5 Bd5 24. Bb3 Rfe8 25. Qa5 h6 26. Nf3 Kh7 27. Bxd5
Nxd5 28. Rbb1 Rec8 29. Rfc1 Rxc1+ 30. Rxc1 Rc8 31. Rc5 Rxc5 32. dxc5 Qc6 33.
Nd4 Qxc5 34. Qxa6 Nc7 35. Qc8 1-0

[Event "23. Aberto Xadrez Albariño"]
[Site "Cambados ESP"]
[Date "2007.08.03"]
[Round "2.8"]
[White "Berbatov, Kiprian"]
[Black "Samolins, Vitalijs"]
[Result "0-1"]
[WhiteElo "2096"]
[BlackElo "2319"]
[PlyCount "74"]
[EventDate "2007.08.02"]
[EventType "swiss"]
[EventRounds "9"]
[EventCountry "ESP"]
[Source "lmi"]
[SourceDate "2007.08.02"]

1. e4 e5 2. Nf3 Nc6 3. Bb5 a6 4. Ba4 g6 5. c3 d6 6. d4 Bd7 7. O-O Bg7 8. d5
Nce7 9. Bxd7+ Qxd7 10. c4 h6 11. Nc3 f5 12. b4 Nf6 13. Nd2 O-O 14. f3 c6 15.
Nb3 cxd5 16. cxd5 Qc7 17. Qd3 Rac8 18. Bd2 fxe4 19. fxe4 Qb6+ 20. Kh1 Qxb4 21.
Rae1 b5 22. Qh3 Kh7 23. Qe6 Rce8 24. Nb1 Qc4 25. Rc1 Nxe4 26. Rxf8 Rxf8 27. h3
Rf1+ 28. Kh2 Rxc1 29. Bxc1 Nxd5 30. N1d2 Nxd2 31. Bxd2 e4 32. Qxd6 e3 33. Be1
Qe4 34. Bg3 e2 35. Nd2 e1=Q 36. Bxe1 Qxe1 37. Qxd5 Be5+ 0-1

[Event "23. Aberto Xadrez Albariño"]
[Site "Cambados ESP"]
[Date "2007.08.03"]
[Round "2.9"]
[White "Carril Gonzalez, Angel"]
[Black "Lopez Agustench, Eduard"]
[Result "1-0"]
[WhiteElo "2054"]
[BlackElo "2304"]
[PlyCount "69"]
[EventDate "2007.08.02"]
[EventType "swiss"]
[EventRounds "9"]
[EventCountry "ESP"]
[Source "lmi"]
[SourceDate "2007.08.02"]

1. c4 e5 2. g3 Nc6 3. Bg2 f5 4. Nc3 Nf6 5. e3 d5 6. cxd5 Nb4 7. d4 e4 8. Bf1
Nbxd5 9. a3 Be7 10. Qb3 c6 11. Bc4 O-O 12. Nh3 Kh8 13. Bd2 Nb6 14. Be2 Nfd5 15.
Nxd5 Nxd5 16. Nf4 Nxf4 17. gxf4 Bh4 18. Rg1 Rf6 19. Bc3 Qe7 20. d5 Rg6 21. Rxg6
hxg6 22. d6 Qe6 23. Qb4 a5 24. Qc5 Qd5 25. Qb6 Qxd6 26. Rd1 Qe7 27. Bc4 g5 28.
Rd8+ Kh7 29. Rg8 Be6 30. Rxg7+ Qxg7 31. Bxg7 Bxc4 32. Qxb7 Ra6 33. Bf6+ Kg6 34.
Qg7+ Kh5 35. h3 1-0

[Event "23. Aberto Xadrez Albariño"]
[Site "Cambados ESP"]
[Date "2007.08.03"]
[Round "2.10"]
[White "Rodriguez Lopez, Rafael"]
[Black "Veganzonez Rojo, David"]
[Result "1-0"]
[WhiteElo "2292"]
[BlackElo "2104"]
[PlyCount "31"]
[EventDate "2007.08.02"]
[EventType "swiss"]
[EventRounds "9"]
[EventCountry "ESP"]
[Source "lmi"]
[SourceDate "2007.08.02"]

1. d4 d5 2. Nf3 Nf6 3. c4 c6 4. e3 Bg4 5. h3 Bxf3 6. Qxf3 e6 7. Nc3 Nbd7 8. Bd3
Bd6 9. O-O O-O 10. b3 Re8 11. Bb2 e5 12. cxd5 cxd5 13. dxe5 Nxe5 14. Qd1 Nxd3
15. Qxd3 Rc8 16. Rfd1 1-0

[Event "23. Aberto Xadrez Albariño"]
[Site "Cambados ESP"]
[Date "2007.08.03"]
[Round "2.11"]
[White "Campos Calvo-Sotelo, Juan"]
[Black "Torrado Quintela, Julio"]
[Result "0-1"]
[WhiteElo "2029"]
[BlackElo "2261"]
[PlyCount "133"]
[EventDate "2007.08.02"]
[EventType "swiss"]
[EventRounds "9"]
[EventCountry "ESP"]
[Source "lmi"]
[SourceDate "2007.08.02"]

1. h3 d5 2. b4 c6 3. e3 Qb6 4. a3 a5 5. b5 Nf6 6. Bb2 Bf5 7. Nf3 Nbd7 8. Nc3 e6
9. Na4 Qd8 10. bxc6 bxc6 11. Nd4 Qc7 12. Nxf5 exf5 13. c4 Bd6 14. cxd5 cxd5 15.
Bd3 f4 16. O-O O-O 17. Qf3 Qc6 18. Bxf6 Nxf6 19. Nc3 fxe3 20. fxe3 Be5 21. Rac1
Qd6 22. Nb5 Qe7 23. a4 Ne4 24. Qd1 Qg5 25. Bxe4 dxe4 26. Qg4 Qxg4 27. hxg4 Rac8
28. Kf2 f6 29. Nd4 Rcd8 30. Rc4 Rd5 31. Ke2 Rfd8 32. d3 Bxd4 33. dxe4 Re5 34.
Rxd4 Rxd4 35. exd4 Rxe4+ 36. Kd3 Rxg4 37. Rf5 Rxg2 38. Rxa5 Kf7 39. Kc4 Ke6 40.
Ra6+ Kd7 41. Kc5 Rc2+ 42. Kd5 Rc7 43. a5 h5 44. Rd6+ Ke7 45. a6 h4 46. Rb6 h3
47. Rb7 Kd7 48. Rb3 Ra7 49. Rxh3 Rxa6 50. Rg3 Ra5+ 51. Ke4 g5 52. Rb3 Ke6 53.
Rb6+ Kf7 54. Rb7+ Kg6 55. Re7 Ra1 56. Kd5 g4 57. Re8 Kf5 58. Kc6 Rc1+ 59. Kd6
Kf4 60. d5 f5 61. Kd7 Kf3 62. d6 f4 63. Ke6 Re1+ 64. Kf7 Rd1 65. Re6 g3 66. Rg6
g2 67. Ke7 0-1